Pintura: el concepto de diagrama

Uloženo v:
Podrobná bibliografie
Hlavní autor: Deleuze, Gilles (Autor)
Médium: Kniha
Jazyk:španělština
Vydáno: Buenos Aires Cactus 2007
Vydání:1a. ed
Edice:Clases
Témata:
Tagy: Přidat tag
Žádné tagy, Buďte první, kdo vytvoří štítek k tomuto záznamu!

MARC

LEADER 00000nam a2200000 a 4500
001 UCI5940
003 CL-VaPUC
008 080411e20070000AG |||||||||||||||||spa|d
020 |a 9789872100094 
082 0 4 |a 194  |b DEL  |2 21 
100 |a Deleuze, Gilles  |e author  |9 487836 
245 1 0 |a Pintura: el concepto de diagrama 
250 |a 1a. ed 
300 |a 290 p 
942 |c BK 
945 |d 20080411 00:00:00  |a jtorresc 
260 |a Buenos Aires  |b Cactus  |c 2007 
650 0 |a Filosofía francesa   |9 255698 
650 0 |a Filosofía del arte  |9 264951 
583 |a last modification  |c 20080411 00:00:00  |k Rodrigo Vera 
490 0 |a Clases 
999 |c 329580  |d 329578 
952 |0 0  |1 0  |4 0  |6 194_000000000000000_DEL_2007  |7 0  |8 R  |9 414487  |a BIBART  |b BIBART  |d 2019-11-22  |i 4426096  |l 11  |m 2  |o 194 DEL 2007  |p 4426096  |r 2025-03-13  |s 2024-11-13  |w 2019-11-22  |y BK_R  |k ART